000 00515nam a2200193Ia 4500
005 20250508153447.0
008 008 250505s9999 xx 000 0 eng d
037 _aTextual
040 _aFEDL
_beng
_cFEDL
041 _aeng
_2eng
084 _a020, LAN
_qFEDL
100 _aLandheer B
245 0 _aSocial functions of libraries
260 _aNew York, USA
_bThe Scarecrow Press
_c1957
300 _a287p.
650 _aLibrary Science
942 _cTEXL
_h020, LAN
999 _c1343031
_d1343031